000 01325nam a2200253 i 4500
001 179922
003 ES-MaACL
005 20251003185629.0
008 120229q1845 sp |||| | spa d
080 _a821.133.1-23"18"
100 1 _aAlboise du Pujol, Jules-Édouard,
_d1805-1854
_9149483
245 1 3 _aEl secreto de una madre
_b: drama en tres actos y un prólogo /
_cescrito en francés por Alboise y P. Foucher ; (arreglado al teatro español por I. Gil).
260 _aMadrid :
_bA. Hermoso,
_c[1845] (
_fImp. de Joaquín Merás y Cía.)
300 _a44 p. ;
_c25 cm.
490 1 _aMuseo dramático o colección de comedias del teatro extranjero
500 _aRepresentada por primera vez en Madrid en el Teatro del Príncipe el día 5 de agosto de 1843.
594 _aTít. y autor tomados de principio de texto.
594 _a"Representada por primera vez en Madrid en el Teatro del Príncipe el día 5 de agosto de 1843"
700 1 _aGil y Baus, Isidoro,
_d1814-1866
_956736
700 1 _aFoucher, Paul (
_d1810-1875)
_9149484
830 1 0 _aMuseo dramático ó Colección de comedias del teatro estranjero representadas en los principales teatros de la corte
_9242030
852 _aES-MaACL
_jF-7489(10)
_z- Enc. hol, falto de port.
_z- Enc. en un vol. facticio
999 _c179922
_d179922